|
|
|
|
| LEADER |
00000cab a2200000 a 4500 |
| 001 |
vtls009485869 |
| 005 |
20260525142225.0 |
| 008 |
250506|2008 xo |||||||||| ||||||slo |
| 015 |
|
|
|a SNBRB2009/03
|
| 035 |
|
|
|a (uuid)c546fa0f-8d0c-45fa-8e7f-38a5460b4697
|
| 035 |
|
|
|a urn:nbn:sk:snk-abc4ma
|
| 035 |
|
|
|a (urnnbn)urn:nbn:sk:snk:ar-004fg4
|
| 040 |
|
|
|a SNKBUCL
|b slo
|c SNKBUCL
|e AACR2
|
| 041 |
1 |
|
|a slo
|h dan
|
| 044 |
|
|
|a xo
|c SK
|
| 080 |
|
|
|a 821.113.4-31
|2 2001
|
| 100 |
1 |
|
|a Adolphsen, Peter,
|d 1972-
|4 aut
|9 1472842
|
| 245 |
1 |
0 |
|a Stroj
|c Peter Adolphsen ; preložil Milan Žitný
|
| 300 |
|
|
|b Fotogr.
|
| 655 |
|
7 |
|a dánske romány
|2 snkbucl
|9 70811
|
| 655 |
|
7 |
|a úryvky
|2 snkbucl
|9 84604
|
| 655 |
|
7 |
|a články z novín a časopisov
|2 snkbucl
|9 267496
|
| 655 |
|
7 |
|a články z odboru literárna veda a krásna literatúra
|2 snkbucl
|9 770045
|
| 700 |
1 |
|
|a Žitný, Milan,
|d 1948-2019
|4 trl
|9 184001
|
| 773 |
0 |
|
|t Revue svetovej literatúry
|g Roč. XLIV, č. 4 (2008), s. 29-33
|x 0231-6269
|
| 852 |
|
|
|a Slovenská národná knižnica
|
| 954 |
|
|
|a beletria cudzojazyčná (svetová)
|2 lita
|
| 958 |
|
|
|a article15
|
| 958 |
|
|
|a OND
|
| 958 |
|
|
|a LX
|
| 958 |
|
|
|a DK
|
| 958 |
|
|
|a EUIPO
|
| 999 |
|
|
|c 2948569
|d 2950499
|